RICS real estate agency and brokerage standards (Record no. 115809)

MARC details
000 -LEADER
fixed length control field 01641cad a22002895a 4500
001 - CONTROL NUMBER
control field L159330
008 - FIXED-LENGTH DATA ELEMENTS--GENERAL INFORMATION
fixed length control field 160819s2016 xxk 000 0 eng u
020 ## - INTERNATIONAL STANDARD BOOK NUMBER
International Standard Book Number 9781783211678
035 ## - SYSTEM CONTROL NUMBER
System control number (Sirsi) u159330
041 0# - LANGUAGE CODE
Language code of text/sound track or separate title eng
110 2# - MAIN ENTRY--CORPORATE NAME
Corporate name or jurisdiction name as entry element Royal Institution of Chartered Surveyors
9 (RLIN) 4900
245 05 - TITLE STATEMENT
Title RICS real estate agency and brokerage standards
Remainder of title RICS practice statement, global
Medium [electronic resource]
250 ## - EDITION STATEMENT
Edition statement 3rd ed.
260 ## - PUBLICATION, DISTRIBUTION, ETC.
Place of publication, distribution, etc. London
Name of publisher, distributor, etc. RICS
Date of publication, distribution, etc. 2016
300 ## - PHYSICAL DESCRIPTION
Extent 25p.
490 #0 - SERIES STATEMENT
Series statement RICS Practice Statement
520 ## - SUMMARY, ETC.
Summary, etc. This professional statement applies to all RICS members involved with the sale, letting, leasing and management of real estate, whatever the form of tenure by which it is held or occupied. It outlines the principles that shape the culture of fairness and transparency that underpin all activities undertaken by real estate agents within whichever country they practice. Effective from 1 September 2016. Supersedes 2 ed ISBN 9781783210749
520 ## - SUMMARY, ETC.
Summary, etc. From 1 January 2025 this is superseded by Property Agency and Management Principles 1st edition ISBN 9781783215324
590 ## - LOCAL NOTE (RLIN)
Local note KA
651 #4 - SUBJECT ADDED ENTRY--GEOGRAPHIC NAME
Geographic name International
690 ## - LOCAL SUBJECT ADDED ENTRY--TOPICAL TERM (OCLC, RLIN)
Topical term or geographic name as entry element Property management
9 (RLIN) 6262
690 ## - LOCAL SUBJECT ADDED ENTRY--TOPICAL TERM (OCLC, RLIN)
Topical term or geographic name as entry element Commercial property
9 (RLIN) 6227
690 ## - LOCAL SUBJECT ADDED ENTRY--TOPICAL TERM (OCLC, RLIN)
Topical term or geographic name as entry element Residential property
9 (RLIN) 6266
856 41 - ELECTRONIC LOCATION AND ACCESS
Uniform Resource Identifier <a href="https://www.rics.org/profession-standards/rics-standards-and-guidance/sector-standards/real-estate-standards/real-estate-agency-and-brokerage">https://www.rics.org/profession-standards/rics-standards-and-guidance/sector-standards/real-estate-standards/real-estate-agency-and-brokerage</a>
Public note View the practice statement at www.rics.org
856 41 - ELECTRONIC LOCATION AND ACCESS
Uniform Resource Identifier <a href="https://www.isurv.com/downloads/download/1282/real_estate_agency_and_brokerage">https://www.isurv.com/downloads/download/1282/real_estate_agency_and_brokerage</a>
Public note Archived on isurv (subscription required)
942 ## - ADDED ENTRY ELEMENTS (KOHA)
Suppress in OPAC 0
Source of classification or shelving scheme Dewey Decimal Classification
Holdings
Withdrawn status Lost status Source of classification or shelving scheme Damaged status Not for loan Home library Current library Shelving location Date acquired Total Checkouts Full call number Date last seen Copy number Price effective from Koha item type
    Dewey Decimal Classification     Virtual Virtual Online 19/08/2016   isurv 30/10/2024 1 06/08/2019 Online material